La Batalla de las identidades /
Zapisane w:
| 1. autor: | |
|---|---|
| Format: | Texto |
| Etykiety: |
Dodaj etykietę
Nie ma etykietki, Dołącz pierwszą etykiete!
|
MARC
| LEADER | 00000 a a2200000 04500 | ||
|---|---|---|---|
| 001 | 2624 | ||
| 003 | |||
| 040 | |||
| 100 | |a Amador, Irene | ||
| 245 | |a La Batalla de las identidades / |c Irene Amador | ||
| 773 | |g número 250; páginas 116-119 | ||
| 999 | |c 31177 |d 31177 | ||
